000 02098nam0a2200385 4500
001 RU\NLR\bibl\1735760
005 20260406074847.0
010 _a978-5-02-018971-3
_9200
021 _aRU
_b2011-1528
_9106
035 _a(nilc)RSL-KNO-004878673
035 _a(NLR Aleph) 001726690
090 _a1373722
_c1373722
100 _a20110201d2010 |||y0rusy50 ca
101 0 _arus
_deng
102 _aRU
105 _aa |||||||||
200 1 _aПатофизиологические аспекты развития, диагностики и лечения раневой инфекции в хирургии
_ePathophysiological aspects of wound infection development, diagnostics and treatment in surgery
_fЕ. В. Намоконов, А.М. Мироманов, Б.С. Хышиктуев [и др.]
_gФедеральное агентство по здравоохранению и социальному развитию, Читинская гос. мед. акад., Российская акад. мед. наук, Сибирское отд-ние, Науч.-исслед. ин-т клинической иммунологии
_zeng
210 _aНовосибирск
_cНаука
_d2010
215 _a107, [5] с.
_cил., табл.
_d22
320 _aБиблиогр.: с. 97-108
510 0 _aPathophysiological aspects of wound infection development, diagnostics and treatment in surgery
_zeng
606 1 _aРаневые инфекции
_9951655
_3RU\NLR\auth\66353926
686 _aР456.1,07
_2rubbk
686 _aР456.10
701 1 _4070
_7ca
_8rus
_aНамоконов
_bЕ. В.
_gЕвгений Владимирович
_9154001
_3RU\NLR\AUTH\770154039
701 1 _4070
_7ca
_8rus
_aМироманов
_bА. М.
_gАлександр Михайлович
_3RU\NLR\AUTH\770154035
_9153997
701 1 _aХышиктуев
_bБ. С.
_gБаир Сергеевич
_4070
801 0 _aRU
_bRuMoRKP
_c20110201
_grcr
801 1 _aRU
_bRuMoRGB
_c20110201
801 2 _aRU
_bNLR
_c20110214
_grcr
830 _aавт. по кн.
942 _cBOOK
980 _aNB